000 00390nam a22001337a 4500
999 _c521975
_d521975
008 230306b ||||| |||| 00| 0 eng d
100 _aDutt, Sheo
_938234
245 _aThe prevalence of prevalence of pastoralism in later Vedic times
260 _aSocial Scientist
300 _a50(11-12), Nov-Dec, 2022: p.57-64
773 _aSocial Scientist
906 _aRELIGION
942 _cAR